Κατάλογος Βιβλιοθηκών Mediterranean College

Το Σοκ της Ανατροφής (Record no. 5931)

MARC details
000 -LEADER
fixed length control field 01722cam a22002174a 4500
005 - ΗΜΕΡΟΜΗΝΙΑ ΚΑΙ ΩΡΑ ΤΕΛΕΥΤΑΙΑΣ ΕΝΗΜΕΡΩΣΗΣ
Πεδίο ελέγχου 20250605164226.0
008 - FIXED-LENGTH DATA ELEMENTS--GENERAL INFORMATION
Πεδίο ελέγχου σταθερού μήκους 250528s ||||||||||||||||||||||||d
035 ## - SYSTEM CONTROL NUMBER
System control number 20849
020 ## - ISBN
ISBN 9789606829383
040 ## - ΠΗΓΗ ΚΑΤΑΛΟΓΟΓΡΑΦΗΣΗΣ
Φορέας πρωτότυπης καταλογογράφησης MC Athens Campus Library
Γλώσσα καταλογογράφησης Ελληνικά, Μοντέρνα (1453-)
Modifying agency MC Athens Campus Library
Κανόνες περιγραφικής καταλογογράφησης AACR2
245 1# - ΤΙΤΛΟΣ ΚΑΙ ΔΗΛΩΣΗ ΥΠΕΥΘΥΝΟΤΗΤΑΣ
Τίτλος Το Σοκ της Ανατροφής
250 ## - EDITION STATEMENT
Edition statement
260 ## - PUBLICATION, DISTRIBUTION, ETC.
Name of publisher, distributor, etc. Polaris,
Date of publication, distribution, etc. 2012
300 ## - PHYSICAL DESCRIPTION
Extent 368
520 ## - SUMMARY, ETC.
Summary, etc. Το παρόν βιβλίο αποτελεί μία οξυδερκή εξερεύνηση των θεμάτων και προβλημάτων των παιδιών και των γονιών. Πρόλογος, Και στην Πόρτα ο Κάρυ Γκράντ, Γιατί το Ένστικτο μας σε ό,τι Αφορά τα Παιδιά μπορεί να Είναι Τόσο Λαθεμένο, Η Αντίστροφη Ώρα του Επαίνου, Η Χαμένη Ώρα, Γιατί οι Λευκοί Γονείς δε Μιλούν για Φυλετικά Ζητήματα, Γιατί τα Παιδιά Λένε Ψέματα, Η Αναζήτηση Ευφυίας στο Νηπιαγωγείο, Οι Συνέπειες του να Έχεις Αδέρφια, Η Επιστήμη της Εφηβικής Επαναστατικότητας, Μπορεί να Διδαχθεί ο Αυτοέλεγχος;, Παίζει Καλά με τα Άλλα Παιδιά, Η Άννα Μιλάει και η Σοφία Όχι. Γιατί;, Ο Μύθος του Υπερ-Προτερήματος, Σημειώσεις, Επιλεγμένες Πηγές και Αναφορές, Ευρετήριο.
700 1# - ΠΡΟΣΘΕΤΗ ΑΝΑΓΡΑΦΗ--ΦΥΣΙΚΟ ΠΡΟΣΩΠΟ
Personal name Μέρυμαν Άσλευ
9 (RLIN) 6827
700 1# - ΠΡΟΣΘΕΤΗ ΑΝΑΓΡΑΦΗ--ΦΥΣΙΚΟ ΠΡΟΣΩΠΟ
Personal name Μπρόνσον Πο
9 (RLIN) 6828
942 ## - ADDED ENTRY ELEMENTS (KOHA)
Koha item type Books
Holdings
Τύπος τεκμηρίου Βιβλιοθήκη Τρέχουσα τοποθεσία Barcode Αριθμός εισαγωγής Ημερομηνία απόκτησης Ταξιθετικό σύμβολο Αριθμός αντιτύπου Κατάσταση απόσυρσης Κατάσταση χαμένου Κατάσταση κατεστραμμένου Μη δανεισμός Σύνολο δανεισμών Ημερομηνία τελευταίας εμφάνισης Η τιμή ισχύει από
Books MC Athens Campus Library MC Athens Campus Library 9780000059307 6482 05/06/2025 305.231 BRO 1           05/06/2025 05/06/2025

MC Athens Campus Library
Πατησίων 94 & Κοδριγκτώνος 13, 104 34
Πελλήνης 8 & Πατησίων 107, 112 51
Τ: +30 210 8899600

MC Thessaloniki Campus Library
Ίωνος Δραγούμη 21, 54625 | Ίωνος Δραγούμη 15, 54625
Τ: +30 2310 287779 – Τ: +30 2314 440300